| 000 | 00714nam a22001937a 4500 | ||
|---|---|---|---|
| 003 | JO-AjAnu | ||
| 005 | 20251013111535.0 | ||
| 008 | 251012b jo ||||| |||| 00| 0 ara d | ||
| 020 | _a978-977-308-990-0 | ||
| 022 | _a9640-2025 | ||
| 040 |
_aANU _cJO-AjAnu |
||
| 041 | _hARA | ||
| 100 |
_aعلي، محمد كمال خليل _eمؤلف _966799 |
||
| 245 |
_aمهارات الهجوم والدفاع في كرة السلة بإستخدام الموديلات الإلكترونية _c / محمد كمال خليل علي |
||
| 260 |
_aمصر : _bدار العلم والإيمان، _c2026 |
||
| 300 | _a283 صفحة | ||
| 650 | _vكرة السلة-تطبيقات الحاسب الآلي | ||
| 942 |
_2lcc _cBK _n0 |
||
| 999 |
_c34068 _d34068 |
||